ბათუმის შოთა რუსთაველის სახელმწიფო უნივერსიტეტის ბიბლიოთეკა

Европейское право. (ბიბ.ჩანაწერი № 35973)

000 -LEADER
fixed length control field 00667nam a2200229Ia 4500
001 - CONTROL NUMBER
control field 1872
003 - CONTROL NUMBER IDENTIFIER
control field GE_BSU
008 - FIXED-LENGTH DATA ELEMENTS--GENERAL INFORMATION
fixed length control field 181216s||||||||xx |||||||||||||| ||und||
020 ## - INTERNATIONAL STANDARD BOOK NUMBER
International Standard Book Number 5365001591
040 ## - CATALOGING SOURCE
Transcribing agency GE_BSU
080 ## - UNIVERSAL DECIMAL CLASSIFICATION NUMBER
Universal Decimal Classification number 341(04)(075.8)
100 ## - MAIN ENTRY--PERSONAL NAME
Personal name Бирюков,М.М.
245 ## - TITLE STATEMENT
Title Европейское право.
245 ## - TITLE STATEMENT
Remainder of title Учебное пособие 2-е изд. доп Учебное пособие для студ .вузов 2-ое изд. доп
260 ## - PUBLICATION, DISTRIBUTION, ETC.
Place of publication, distribution, etc. Москва
260 ## - PUBLICATION, DISTRIBUTION, ETC.
Name of publisher, distributor, etc. Омега-А
260 ## - PUBLICATION, DISTRIBUTION, ETC.
Date of publication, distribution, etc. 2006
300 ## - PHYSICAL DESCRIPTION
Extent 128 с. 19 см.
653 ## - INDEX TERM--UNCONTROLLED
Uncontrolled term Европейское право.
942 ## - ADDED ENTRY ELEMENTS (KOHA)
Koha item type წიგნი
ეგზემპლარები
Withdrawn status Lost status Damaged status Not for loan Date acquired Barcode Date last seen Price effective from Koha item type
        2018-12-17 3745 2018-12-17 2018-12-17 წიგნი